Hoodt-hoodt or the hoopoo bird : a story of ancient egypt
Αποθηκεύτηκε σε:
| Κύριος συγγραφέας: | |
|---|---|
| Άλλοι συγγραφείς: | , |
| Μορφή: | Βιβλίο |
| Γλώσσα: | English |
| Δημοσίευση: |
[London] :
Longmans,
[1959]
|
| Σειρά: | New method supplementary reader ;
; stage 2 |
| Θέματα: | |
| Ετικέτες: |
Προσθήκη ετικέτας
Δεν υπάρχουν, Καταχωρήστε ετικέτα πρώτοι!
|
MARC
| LEADER | 00000cam a2200000 i 4500 | ||
|---|---|---|---|
| 001 | 1/94954 | ||
| 008 | 081006r19591948 eng d | ||
| 035 | |l 10100651 | ||
| 040 | |a GR-MY-UA |b gre |e aacr | ||
| 041 | 0 | |a eng | |
| 082 | 0 | |a 428.6 |2 (22) | |
| 100 | 1 | |a Mowry, Isabel McLane. | |
| 245 | 1 | 0 | |a Hoodt-hoodt or the hoopoo bird : |b a story of ancient egypt / |c by Isabel McLane Mowry ; simplified by Michael West ; illustrated by Joan Kiddell-Monroe |
| 260 | |a [London] : |b Longmans, |c [1959] | ||
| 300 | |a 48 σ.; |c 19 εκ. | ||
| 490 | 1 | |a New method supplementary reader |v ; stage 2 | |
| 500 | |a "Sixth impression 1959" | ||
| 650 | 0 | 0 | |a Readers |y 1950- |
| 650 | 0 | 0 | |a English language |x Readers. |
| 650 | 0 | 0 | |a English language |v Textbooks for foreign speakers. |
| 700 | 1 | |a Kiddell-Monroe, Joan. |4 ill | |
| 700 | 1 | |4 edt |a West, Michael |q (Michael Philip), |d 1888-1973. | |
| 830 | 0 | |a New method supplementary reader ; |v ; stage 2 | |
| 852 | |a INST |b RHODES |c AKA |e 20081006 |h 428.6 MOW |p 005400030689 |q 005400030689 |t BK |y 0 | ||
| 901 | |a BIBL4-2008-3 | ||
| 909 | |a Ρ |b 153156 | ||
| 970 | |a ΚΟΖΑ |b ΜΑΡΙΑ |z 2008/10/06 | ||